| 000 | 00780nam1a22002171i 4500 | ||
|---|---|---|---|
| 001 | rc\191176 | ||
| 005 | 20240726105115.0 | ||
| 035 | _a(NLR Aleph) 008780055 | ||
| 090 |
_a7976747 _c7976747 |
||
| 100 | _a20030307g19929999u |0rusy50 ca | ||
| 101 | 0 | _arus | |
| 102 | _aRU | ||
| 105 | _ay ||||||||| | ||
| 200 | 1 |
_aБиблиотека русской сказки _eВ 10 т. _f[Сост. вступ. ст., подгот. текстов и коммент. Ю.Г. Круглова _gГл. ред. С.И. Журавлев] |
|
| 210 |
_aМ. _cТоварищество "Возрождение" _d1992- |
||
| 215 | _d20 | ||
| 702 | 1 |
_aКруглов _bЮ.Г. _gЮрий Георгиевич _4220 |
|
| 801 | 0 |
_aRU _bNLR _gpsbo |
|
| 801 | 1 |
_aRU _bELAR _2rusmarc |
|
| 852 |
_aNLR _j92-3/8788 |
||
| 942 | _cBOOK | ||